On This Day: January 24th Quiz Stats

 Plays Quiz Updated Jan 24, 2018

Support Sporcle.
Go Orange.
Score 0/7 Timer 03:00
0 Plays Today
Question Answer Wrong Answers
The Allies bombard this capital of Thailand, then under Japanese control, leading Thailand to declare war against the United States and United Kingdom the next day.
1942
Bangkok
86%
Vientiane
1.7%
Phnom Penh
5.7%
Hanoi
4.9%
The United States Department of ______ officially begins operation.
2003
Homeland Security
85.2%
Veterans Affairs
4.7%
Education
2%
Energy
5.6%
The United Principalities of Moldavia and Wallachia, later named this, are formed as a personal union under the rule of Domnitor Alexandru Ioan Cuza.
1859
Romania
62.6%
Belarus
13%
Poland
11.1%
Hungary
12.7%
The Boy Scout movement begins in ______ by Robert Baden-Powell with the first issue of his 'Scouting for Boys.'
1908
England
61.5%
Ontario
11.9%
California
18.2%
Alberta
7.1%
Charles Albert elected as Charles VII, ______.
1742
Holy Roman Emperor
37.5%
King of France
20.4%
King of England
34.2%
Emperor of Austria
7.9%
A massacre committed by neofascist terrorists occurs on Atocha street during this nation’s transition to democracy.
1977
Spain
37.4%
Greece
16.7%
Turkey
36%
Italy
7.8%
This American novelist, short story writer, and designer, the first woman to win a Pulitzer Prize for Literature, is born.
1862
Edith Wharton
36.8%
Willa Cather
13.7%
Kate Chopin
5.1%
Louisa May Alcott
43.4%

From the Vault

Halloween Wordfind Puzzle

by gazzso

Holiday 12m
Go big or gourd home.
Remove Ads.
Support Sporcle.
Get the best of Sporcle when you Go Orange. This ad-free experience offers more features, more stats, and more fun while also helping to support Sporcle. Thank you for becoming a member.

Show Comments

Extras

Top Quizzes Today


Score Distribution

Your Account Isn't Verified!

In order to create a playlist on Sporcle, you need to verify the email address you used during registration. Go to your Sporcle Settings to finish the process.

Report this User

Report this user for behavior that violates our Community Guidelines.

Details: